[Event "GER-chT U14"]
[Site "Kelheim"]
[Date "2022.12.30"]
[Round "7"]
[White "Klerx, Philipp"]
[Black "Moldovan, Tudor"]
[Result "1/2-1/2"]
[WhiteElo "1400"]
[BlackElo "1263"]
[PlyCount "43"]
[EventDate "2022.12.26"]
[EventType "team-swiss"]
[EventRounds "7"]
[EventCountry "GER"]
[SourceTitle "CBM 212 Extra"]
[Source "ChessBase"]
[SourceDate "2023.03.31"]
[SourceVersion "1"]
[SourceVersionDate "2023.03.31"]
[SourceQuality "1"]
[WhiteTeam "Paderborn Blauer Springer"]
[BlackTeam "Hohentuebingen"]
[WhiteTeamCountry "GER"]
[BlackTeamCountry "GER"]

1. e4 g6 2. d4 Bg7 3. Nc3 a6 4. Nf3 d6 5. Be3 Nc6 6. Qd2 e6 7. Be2 b5 8. a3 Bb7 9. h3 Rc8 10. 0-0-0 Na5 11. g4 Nc4 12. Bxc4 bxc4 13. Qe2 Nf6 14. Bg5 h6 15. Bxf6 Qxf6 16. d5 Qf4+ 17. Nd2 Bxc3 18. bxc3 exd5 19. exd5+ Kf8 20. Qxc4 Qxf2 21. Rhf1 Qb6 22. Qe4 1/2-1/2

[Event "GER-chT Christmas U16 Steinitz"]
[Site "Playchess.com INT"]
[Date "2020.12.28"]
[Round "7.4"]
[White "Dickel, Karl Joachim"]
[Black "Klerx, Philipp"]
[Result "1-0"]
[WhiteElo "1244"]
[BlackElo "1253"]
[PlyCount "89"]
[EventDate "2020.12.28"]
[EventType "team-swiss (blitz)"]
[EventRounds "7"]
[EventCountry "GER"]
[SourceTitle "CBM 200 Extra"]
[Source "ChessBase"]
[SourceDate "2021.03.31"]
[SourceVersion "1"]
[SourceVersionDate "2021.03.31"]
[SourceQuality "1"]
[WhiteTeam "Chemnitz"]
[BlackTeam "Paderborn Blauer Springer"]
[WhiteTeamCountry "GER"]
[BlackTeamCountry "GER"]

1. e4 e5 2. Nf3 Nc6 3. Bc4 Bc5 4. c3 Nf6 5. d4 exd4 6. cxd4 Bb4+ 7. Bd2 Bxd2+ 8. Nbxd2 Qe7 9. Qc2 d6 10. Bb5 0-0 11. 0-0 a6 12. Bxc6 bxc6 13. Rfe1 c5 14. e5 dxe5 15. Nxe5 cxd4 16. Ng6 Qc5 17. Nxf8 Qxf8 18. h3 Bb7 19. Qxc7 Rb8 20. Qe5 Nd7 21. Qe7 Qxe7 22. Rxe7 Nc5 23. Rc7 Ne6 24. Rc2 Nf4 25. Nf3 Bxf3 26. gxf3 Nxh3+ 27. Kg2 Nf4+ 28. Kh1 Re8 29. Rac1 h6 30. Rd2 d3 31. b4 f6 32. a4 Nh3 33. Kh2 Nf4 34. b5 axb5 35. axb5 Rb8 36. Rb1 g5 37. Ra2 Ne2 38. Rbb2 Nc3 39. Ra3 Nxb5 40. Rxd3 Kg7 41. Rdb3 Nd4 42. Rxb8 Nxf3+ 43. Kg3 Ne1 44. Rd2 Kg6 45. Rd6 1-0